Daňové priznanie k dani z príjmov u nepodnikateľských subjektov

Vymedzenie nepodnikateľských subjektov. Povinnosť podať daňové priznanie. Tlačivo daňového priznania.

Gespeichert in:
Bibliographische Detailangaben
1. Verfasser: Valterová, Ivana
Format: Buchkapitel
Sprache:Slowakisch
Schlagworte:
Tags: Tag hinzufügen
Keine Tags, Fügen Sie das erste Tag hinzu!

MARC

LEADER 00000naa a2200000 4500
001 0213953
005 20231120130949.1
041 0 |a slo 
044 |a SK 
245 1 0 |a Daňové priznanie k dani z príjmov u nepodnikateľských subjektov  |c Ivana Valterová 
520 |a Vymedzenie nepodnikateľských subjektov. Povinnosť podať daňové priznanie. Tlačivo daňového priznania. 
610 2 0 |a priznania daňové 
610 2 0 |a povinnosť daňová 
610 2 0 |a osoby právnické 
610 2 0 |a organizácie nefinančné 
610 2 0 |a organizácie neziskové 
610 2 0 |a dane z príjmov 
100 1 |a Valterová, Ivana